| 000 | 01010 a2200205 4500 | ||
|---|---|---|---|
| 001 | 54765 | ||
| 005 | 20260407155823.0 | ||
| 008 | 260407a1987 arg spa d | ||
| 003 | AR-UNSa-BCEJYS | ||
| 040 |
_aAR-UNSa-BCEJYS _bspa _cAR-UNSa-BCEJYS |
||
| 080 |
_a308 _xSociografía. Estudios descriptivos de la sociedad (cualitativos y cuantitativos) |
||
| 245 | 1 | 0 |
_aPsicoanálisis de la sociedad contemporánea _phacia una sociedad sana |
| 020 | _a968-16-0852-6 | ||
| 264 | 1 |
_aMéxico : _bFondo de Cultura Económica _c1987 |
|
| 300 |
_a308 p. _c21 cm. |
||
| 505 | _aI. ¿Estamos sanos? - II. ¿Puede estar enferma una sociedad?-Patología de la normalidad - III. La situación humana-La clave del psicoanálisis humanístico - IV. Salud mental y sociedad - V. El hombre en la sociedad capitalista - VI. Otros varios diagnósticos - VII. Soluciones diversas - VIII. Caminos hacia la salud mental - IX. Sumario-Conclusión | ||
| 942 | _cBK | ||
| 590 | _aniveau_biblio:m niveau_hierar:0 | ||
| 100 | 1 | _aFromm, Erich | |
| 999 |
_c5787 _d5787 |
||